000 00345 a2200169 4500
001 57111
020 _a9788508124084
040 _cAnchieta - Pituba
100 _aAlencar, José de
240 1 0 _aO guarani
_lpor
245 1 0 _aO guarani
300 _a95
362 0 _a2009
440 1 _aÁtica
650 4 _aLiteratura juvenil
942 _cBK
999 _c57111
_d57111